Normal view MARC view

Entry Personal Name

Number of records used in: 2

001 - CONTROL NUMBER

  • control field: 88972

003 - CONTROL NUMBER IDENTIFIER

  • control field: dpl

005 - DATE AND TIME OF LATEST TRANSACTION

  • control field: 20260421105947.0

008 - FIXED-LENGTH DATA ELEMENTS

  • fixed length control field: 260421|| aca||aabn | a|a d

040 ## - CATALOGING SOURCE

  • Original cataloging agency: dpl
  • Transcribing agency: dpl

100 ## - HEADING--PERSONAL NAME

  • Personal name: Maurice

670 ## - SOURCE DATA FOUND

  • Source citation: Work cat.: (dpl)215960: Talks By Nirodbaran/, 2021

© Delhi Public Library
Hit Counter
free hit counter